PROIEZIONISTA (IL) (Record n. 104657)
[ formato base ]
| 000 -LEADER | |
|---|---|
| fixed length control field | 02074agaaa2200325 4500 |
| 001 - CONTROL NUMBER | |
| control field | 8826 |
| 003 - CONTROL NUMBER IDENTIFIER | |
| control field | IT-RoPAU |
| 005 - DATE AND TIME OF LATEST TRANSACTION | |
| control field | 20220918181223.0 |
| 007 - PHYSICAL DESCRIPTION FIXED FIELD--GENERAL INFORMATION | |
| fixed length control field | d cvaizq |
| 008 - FIXED-LENGTH DATA ELEMENTS--GENERAL INFORMATION | |
| fixed length control field | 50131s9999||||xx ||| | || ||und|| |
| 040 ## - CATALOGING SOURCE | |
| Original cataloging agency | IT-RoPAU |
| Transcribing agency | IT-RoPAU |
| 041 ## - LANGUAGE CODE | |
| Language code of text/sound track or separate title | ITALIANO |
| 100 ## - MAIN ENTRY--PERSONAL NAME | |
| Personal name | Konchalovsky-Mikhalkov Andrej |
| Miscellaneous information | Codice regista SPICS: 26000 |
| 9 (RLIN) | 36950 |
| 130 ## - MAIN ENTRY--UNIFORM TITLE | |
| Uniform title | PROIEZIONISTA (IL) |
| 9 (RLIN) | 36951 |
| 245 ## - TITLE STATEMENT | |
| Title | PROIEZIONISTA (IL) |
| Statement of responsibility, etc. | Prodotto da: Bonivento Claudio -- Sceneggiatura: Konchalovsky-Mikhalkov Andrej Usov Anatoli -- Diretto da: Konchalovsky-Mikhalkov Andrej |
| Name of part/section of a work | PROIEZIONISTA (IL) (Rif. Codice opera principale : C8826) |
| 250 ## - EDITION STATEMENT | |
| Edition statement | Edizione Standard |
| 260 ## - PUBLICATION, DISTRIBUTION, ETC. (IMPRINT) | |
| Place of publication, distribution, etc. | ROMA - MOSCA (ITALIA - RUSSIA) |
| Name of publisher, distributor, etc. | NUMERO UNO INT. - MOSFILM / Distribuzione: PENTA VIDEO |
| Date of manufacture | "1992 (1° ed.: 1994 ; Ed. Lingua Orig.: 1992)" |
| 300 ## - PHYSICAL DESCRIPTION | |
| Extent | VHS |
| Other physical details | sonoro, col. |
| Dimensions | 142 minuti |
| 508 ## - CREATION/PRODUCTION CREDITS NOTE | |
| Creation/production credits note | "Fotografia: Guarnieri Ennio; Montaggio: Richardson Henry; Musica: Artemjev Eduard; Sceneggiatura: Konchalovsky-Mikhalkov Andrej Usov Anatoli; Scenografia: Frigerio Ezio; Soggetto: Konchalovsky-Mikhalkov Andrej -- Usov Anatoli" |
| 511 ## - PARTICIPANT OR PERFORMER NOTE | |
| Participant or performer note | "Hulce Tom; Davidovich Lolita; Hoskins Bob; Zbruev Alexandre; Chaliapin Feodor" |
| 520 ## - SUMMARY, ETC. | |
| Summary, etc. | AMBIENTATO NELLA RUSSIA STALINISTA E BASATO SU UNA STORIA REALMENTE ACCADUTA. UN AUTO SI E' FERMATA SOTTO CASA GLI UOMINI DI BERIA QUELLI DEL KGB SONO VENUTI A PRENDERE MIO MARITO IVAN SANSHIN LO STESSO GIORNO DEL NOSTRO MATRIMONIO. E' DIVENTATO IL PROIEZIONISTA DI STALIN. DESTINO DI DUE GIOVANI RUSSI VITTIME DEL TERRORE ASSOLUTO DELLA RUSSIA DI STALIN. FILM A COLORI. |
| 538 ## - SYSTEM DETAILS NOTE | |
| System details note | PAL, STEREO |
| 546 ## - LANGUAGE NOTE | |
| Language note | ITALIANO |
| 650 ## - SUBJECT ADDED ENTRY--TOPICAL TERM | |
| Topical term or geographic name as entry element | DRAMMATICO |
| Relator term | FILMS [VHS] |
| General subdivision | Codice MATERIA SPICS: 9960 |
| 9 (RLIN) | 34083 |
| 700 ## - ADDED ENTRY--PERSONAL NAME | |
| Personal name | Artemjev Eduard |
| Relator term | (musica) |
| Miscellaneous information | Codice Musica SPICS: 22987 |
| 9 (RLIN) | 36952 |
| 700 ## - ADDED ENTRY--PERSONAL NAME | |
| Personal name | Konchalovsky-Mikhalkov Andrej |
| Relator term | (regista) |
| Miscellaneous information | Codice regista SPICS: 26000 |
| 9 (RLIN) | 36953 |
| 700 ## - ADDED ENTRY--PERSONAL NAME | |
| Personal name | Konchalovsky-Mikhalkov Andrej |
| Relator term | (soggetto) |
| Miscellaneous information | Codice Soggetto SPICS: 26000 |
| 9 (RLIN) | 36954 |
| 700 ## - ADDED ENTRY--PERSONAL NAME | |
| Personal name | Usov Anatoli |
| Relator term | (soggetto) |
| Miscellaneous information | Codice Soggetto 2° SPICS: 43173 |
| 9 (RLIN) | 36955 |
| 942 ## - ADDED ENTRY ELEMENTS (KOHA) | |
| Koha item type | VHS - VIDEO |
| Source of classification or shelving scheme | Dewey Decimal Classification |
| Withdrawn status | Lost status | Damaged status | Not for loan | Home library | Current library | Date acquired | Total Checkouts | Full call number | Date last seen | Price effective from | Koha item type | Public note |
|---|---|---|---|---|---|---|---|---|---|---|---|---|
| Buone Condizioni | Not For Loan | SPICS-MEDIATECA | SPICS-MEDIATECA | 31/01/2015 | C8826 | 31/01/2015 | 31/01/2015 | VHS - VIDEO | Progr. Ins.: 503 / N.Vol.:1 / Copie: 1 / Pag.:0 / Copia rara: n.d. / date import: 1.2.2015 / By Epidotti, Trombetti, Vaglietti |